| 000 | 01102nam a22003257a 4500 | ||
|---|---|---|---|
| 001 | BR7806510 | ||
| 003 | BR-BrBNA | ||
| 005 | 20230928085749.0 | ||
| 007 | ta | ||
| 008 | 230509b bl.||||| |||| 00| 0 por d | ||
| 040 |
_aBR-BrBNA _bpor _cBiblioteca Nacional de Agricultura |
||
| 041 | _a(Por) | ||
| 072 |
_aF21 _b1410 _b3920 _b/G514 |
||
| 090 | _ 1410 BR7806510 | ||
| 100 | 1 | _aOsorio, C.A.S. | |
| 110 | 1 |
_aUniversidade Federal do Rio Grande do Sul, Porto Alegre (Brasil). Faculdade de Agronomia _0Dissertacao (Mestrado) |
|
| 245 | 1 | _aExperimento sobre os efeitos do nitrogenio mineral na simbiose Phaseolus vulgaris L. [Rhizobium phaseoli [feijao, Rio Grande do Sul, Brasil] | |
| 260 | 3 |
_aPorto Alegre, RS (Brasil): _c1978. |
|
| 300 | _a92 p. | ||
| 500 | _a26 tables; 3 graphs; Bibliography p. 52-57 (51 ref.); Summaries (Eng, Por) | ||
| 650 | _aFEIJAO | ||
| 650 | _aRHIZOBIUM | ||
| 650 | _aNODULO | ||
| 650 | _aFIXACAO SIMBIOTICA DE NITROGENIO | ||
| 650 | _aSIMBIOSE | ||
| 650 | _aNITROGENIO | ||
| 650 | _aRIO GRANDE DO SUL | ||
| 909 |
_a202309 _bLucia _c55 _dLucia Elande |
||
| 942 | _cBK | ||
| 999 |
_c26197 _d26197 |
||